000 01972nam a22004934a 4500
001 ebr10169960
003 CaPaEBR
006 m u
007 cr cn|||||||||
008 060206s2006 ctu sb 000 0 eng
010 _z 2006004019
015 _aGBA667985
_2bnb
016 7 _z013526890
_2Uk
020 _z0300117949 (cloth : alk. paper)
020 _z9780300117943 (cloth : alk. paper)
020 _z0300110707 (pbk. : alk. paper)
020 _z9780300110708 (pbk. : alk. paper)
020 _z9780300117943
020 _z9780300110708
040 _aCaPaEBR
_cCaPaEBR
035 _a(OCoLC)123023627
041 1 _aeng
_hger
050 1 4 _aJZ5538
_b.K36 2006eb
082 0 4 _a303.6/6
_222
100 1 _aKant, Immanuel,
_d1724-1804.
240 1 0 _aSelections.
_lEnglish.
_f2006
245 1 0 _aToward perpetual peace and other writings on politics, peace, and history
_h[electronic resource] /
_cImmanuel Kant ; edited and with an introduction by Pauline Kleingeld ; translated by David L. Colclasure ; with essays by Jeremy Waldron, Michael W. Doyle, Allen W. Wood.
260 _aNew Haven :
_bYale University Press,
_cc2006.
300 _axxiv, 265 p.
490 1 _aRethinking the Western tradition
500 _aTranslated from the German.
504 _aIncludes bibliographical references (p. [263]-265).
533 _aElectronic reproduction.
_bPalo Alto, Calif. :
_cebrary,
_d2013.
_nAvailable via World Wide Web.
_nAccess may be limited to ebrary affiliated libraries.
650 0 _aPeace.
650 0 _aPolitical science
_xPhilosophy.
655 7 _aElectronic books.
_2local
700 1 _aKleingeld, Pauline.
700 1 _aWaldron, Jeremy.
700 1 _aDoyle, Michael W.,
_d1948-
700 1 _aWood, Allen W.
710 2 _aebrary, Inc.
830 0 _aRethinking the Western tradition.
856 4 0 _uhttp://site.ebrary.com/lib/rucke/Doc?id=10169960
_zAn electronic book accessible through the World Wide Web; click to view
999 _c247066
_d247066